|
|
|
|
| LEADER |
00000nab a2200000 a 4500 |
| 001 |
vtls000346161 |
| 003 |
SK-MaSNL |
| 005 |
20260305005022.0 |
| 008 |
230120c1988 xo 0 cze |
| 015 |
|
|
|a SNBRB19rr/mm-uuuuu
|
| 035 |
|
|
|a CL0346283
|
| 035 |
|
|
|a urn:nbn:sk:snk-ab2r78
|
| 035 |
|
|
|a (urnnbn)urn:nbn:sk:snk:ar-a02u0r
|
| 035 |
|
|
|a (uuid)b238e812-8d5b-4d60-93b2-f2717b0d17a2
|
| 040 |
|
|
|a SNKBUCL
|b slo
|c SNKBUCL
|e AACR2
|
| 041 |
0 |
|
|a cze
|
| 044 |
|
|
|a xo
|c SK
|
| 080 |
|
|
|a 625.72:725.314
|2 1981
|
| 080 |
|
|
|a 725.314
|2 1981
|
| 080 |
|
|
|a 725.31
|2 1981
|
| 100 |
1 |
|
|a Zlámal, Jaromír
|4 aut
|9 1357258
|
| 245 |
1 |
0 |
|a Pražský typ piliřové stanice metra
|c Jaromír Zlámal
|
| 300 |
|
|
|b Obr. 1. Sch. 2., lit. 13 zázn. v češ., angl.
|
| 650 |
0 |
7 |
|a metro
|2 snkbucl
|9 58330
|
| 651 |
|
7 |
|a Praha (Česko)
|2 snkbucl
|9 19313
|
| 655 |
|
7 |
|a články z novín a časopisov
|2 snkbucl
|9 267496
|
| 773 |
0 |
|
|t Inženýrské stavby
|g Roč. 36, č. 9-10 (1988), s. 470-472
|
| 850 |
|
|
|a Slovenská národná knižnica v Martine
|a MTA001
|
| 852 |
|
|
|a SNK
|b KIS3GCP
|
| 954 |
|
|
|a odborná, vedecká literatúra cudzojazyčná (svetová)
|2 lita
|
| 957 |
|
|
|a 3100
|
| 958 |
|
|
|a NB
|
| 958 |
|
|
|a RK
|
| 958 |
|
|
|a CZ
|
| 958 |
|
|
|a OND
|
| 958 |
|
|
|a EUIPO
|
| 958 |
|
|
|a article2022
|
| 992 |
|
|
|a RBX
|
| 999 |
|
|
|c 3238549
|d 3240479
|